000 00610nam a2200181 u 4500
001 000773251
003 AM-YeHGA
005 20250617143910.0
008 101124s1971 ||| r 000 0 rus d
040 _aAM-YeHGA
041 0 _arus
245 1 0 _aСтепан Разин :
_bКраткий исторический очерк /
_cБ.В. Лунин.
260 _aРостов-на-Дону :
_bРост. кн. изд-во,
_c1971.
300 _a126 с. :
_bил.
600 1 4 _aРазин, Степан Тимофеевич
653 0 _aРоссия - Исторический очерк
090 _c285246
999 _c283585
_d283585